000
00278nam a22001217a 4500
008
181024b xxu||||| |||| 00| 0 eng d
041
_a
eng
080
_a
540
100
_a
12
101
_a
KIM
245
_a
Chemical Applications of Group Theory
_c
Cotton,F.A
942
_2
udc
_c
BK
999
_c
50843
_d
50843